Qui est qui ? - Game of Thrones - Statistiques

Statistiques générales
  • Ce quiz a été pris 93 fois
  • Le résultat moyen est 7 sur 12
Statistiques - réponses
Par images Réponse % Correct
Arya Stark
95%
Cersei Lannister
91%
Sansa Stark
85%
Daenerys Targaryen
79%
Missandei
77%
Margaery Tyrell
58%
Melisandre
51%
Myrcella Baratheon
47%
Osha
38%
Talisa
33%
Myranda
24%
Doreah
10%
Aucun quiz correspondant
Distribution des résultats
% des personnes avec chaque résultat
Percentile par nombre de réponses
Votre historique - résultats
Vous n’avez pas pris ce quiz